Introduction to statistics : (Record no. 8275)
[ view plain ]
| 000 -LEADER | |
|---|---|
| fixed length control field | 00529pam a2200157 a 4500 |
| 020 ## - ISBN | |
| International Standard Book Number | 0314028137 (recycled, acidfree paper) |
| 050 00 - LIBRARY OF CONGRESS CALL NUMBER | |
| Classification Number | QA276.12 |
| Item Number | .A44 1994 |
| 100 1# - MAIN ENTRY--Author | |
| Personal name | Anderson, David R. |
| Dates associated with a name | 1941- |
| 245 10 - TITLE | |
| Title | Introduction to statistics : |
| Remainder of title | concepts and applications / |
| Statement of responsibility, etc | David R. Anderson, Dennis J. Sweeney, Thomas A. Williams. |
| 250 ## - EDITIONSTATEMENT | |
| Edition statement | 3rd ed. |
| 260 ## - PUBLICATION, DISTRIBUTION, ETC.(IMPRINT) | |
| Place of publication, distribution, etc | Minneapolis/St. Paul : |
| Name of publisher, distributor, etc | West Pub., |
| Date of publication, distribution, etc | c1994. |
| 300 ## - PHYSICAL DESCRIPTION | |
| Extent | xxiii, 903 p. : |
| 700 1# - ADDED ENTRY--PERSONAL AUTHOR | |
| Personal Name | Sweeney, Dennis J. |
| 700 1# - ADDED ENTRY--PERSONAL AUTHOR | |
| Personal Name | Williams, Thomas A. |
| 942 ## - ADDED ENTRY ELEMENTS(KOHA) | |
| Source of classification or shelving scheme | Library of Congress Classification |
| Koha item type | General circulation |
| Source of classification or shelving scheme | Not for loan | Location (home branch) | Sublocation (holding branch) | Date accessioned | Source of acquisition | Full call number | Barcode | Koha item type | Public note |
|---|---|---|---|---|---|---|---|---|---|
| Library of Congress Classification | Main Campus Library | SEKU-BINDERY | 04/08/2015 | donation-from books for africa | QA276.12 .A44 1994 | 2015/006752 | General circulation | amm |